Occult/Paranormal Icons Quiz Stats

Quiz not verified by Sporcle

Challenge
Share
Tweet
Embed
Score 0/20 Timer 10:00
0 Plays Today
Hint Answer % Correct
Founder of the Church of SatanAnton LaVey
61.8%
Creator of ThelemaAlestair Crowley
60.5%
Mystical Advisor to the Romanov FamilyRasputin
57.9%
Creator of DianeticsL. Ron Hubbard
55.3%
French ProphetNostradamus
44.7%
'Discovered' the Book of MormonJospeh Smith
43.4%
Alchemist said to have discovered the Philospher's StoneNicholas Flamel
38.2%
New Olreans Voodoo MatronMarie Laveau
34.2%
Infamous Spoon BenderUri Gellar
32.9%
Host of 'Crossing Over'John Edwards
31.6%
Hint Answer % Correct
Created Enochian MagickJohn Dee
28.9%
Founder of TheosophyMadame Blavatsky
26.3%
Call Me Now!Miss Cleo
25%
Famous Connecticut Ghost HuntersEd and Lorraine Warren
25%
Invented HypnosisFranz Mesmer
21.1%
Founder of the Temple of SetMichael Aquino
19.7%
First Famous Alien AbducteesBetty and Barney Hill
18.4%
New York Spiritualist Sisters Famous for 'Rapping'Fox Sisters
17.1%
Residents of the Amityville HouseLutz Family
15.8%
Reincarnated AtlanteanEdgar Cayce
14.5%

You're not logged in!

Compare scores with friends on all Sporcle quizzes.
Sign Up with Email
OR
Log In

You Might Also Like...

Show Comments

Extras

Top Quizzes Today


Score Distribution

Your Account Isn't Verified!

In order to create a playlist on Sporcle, you need to verify the email address you used during registration. Go to your Sporcle Settings to finish the process.